00651nam a2200205Ia 4500003000900000008004100009040001600050080001700066100002600083245006700109250001200176260003400188300001300222650002700235650004100262650002700303942000700330999001500337952009300352IN-BaIIA211028s9999 xx 000 0 eng d cIIA Library a52(091)bDRE aDreyer, J. L. E93289 2aA history of astronomy from thales to keplercDreyer, J. L. E. a2nd ed. aUSAbDover Publicationsc1953 ax, 438p. aArchaeoastronomy92299 aAstronomy and astrophysics thesaurus aAstronomy-History9900 cBK c1663d1663 00104070aBANbBANcGENd0000-00-00l0o52(091)/ DREp1824r2021-11-05w0000-00-00yBK